| 000 | 00761nam a2200217 4500 | ||
|---|---|---|---|
| 001 | 111442 | ||
| 003 | ES-MaACL | ||
| 005 | 20230906185312.0 | ||
| 007 | t| | ||
| 008 | 061121s1950 sp r ||||1| spa d | ||
| 100 | 1 |
_aNelson, Wilbur C. _985370 |
|
| 245 | 1 | 0 |
_aElementos de la hélice de avión / _cWilbur C. Nelson; traducido del inglés por G. Millán. |
| 260 |
_aMadrid : _bInstituto Nacional de Técnica Aeronáutica, _c1950. |
||
| 300 |
_aX, 149 p. : _bil. ; _c25 cm. |
||
| 490 | 1 | _aPublicaciones técnicas I.N.T.A. | |
| 700 | 1 |
_aMillán, G. _981127 |
|
| 710 | 2 |
_aInstituto Nacional de Técnica Aeronáutica (España) _95192 |
|
| 830 | 0 |
_aPublicaciones técnicas I.N.T.A. _9233066 |
|
| 852 |
_aES-MaACL _jD-7338 _bR.32366 |
||
| 999 |
_c111442 _d111442 |
||